Top 10 des joueurs avec le plus de match joués sous Deschamps - Statistiques

Statistiques générales
  • Ce quiz a été pris 252 fois
  • Le résultat moyen est 12 sur 15
Statistiques - réponses
Nombre de match Joueur % Correct
137 Antoine Griezmann
100%
108 Hugo Lloris
100%
128 Olivier Giroud
96%
86 Kylian Mbappe
94%
64 N'Golo Kanté
92%
91 Paul Pogba
92%
93 Raphaël Varane
91%
53 Ousmane Dembélé
85%
80 Blaise Matuidi
81%
55 Benjamin Pavard
75%
48 Karim Benzema
72%
50 Adrien Rabiot
65%
58 Kingsley Coman
63%
50 Lucas Digne
45%
68 Moussa Sissoko
38%
Aucun quiz correspondant
Distribution des résultats
% des personnes avec chaque résultat
Percentile par nombre de réponses
Votre historique - résultats
Vous n’avez pas pris ce quiz